That 70's Show: Cast - Statistics

General Stats
  • This quiz has been taken 87 times
  • The average score is 9 of 15
Answer Stats
Character Actor % Correct
Jackie Burkhart Mila Kunis
100%
Michael Kelso Ashton Kutcher
99%
Donna Pinciotti Laura Prepon
91%
Stephen Hyde Danny Masterson
89%
Eric Forman Topher Grace
89%
Fez Wilmer Valderrama
64%
Kitty Forman Debra Jo Rupp
60%
Leo Tommy Chong
60%
Red Forman Kurtwood Smith
56%
Casey Kelso Luke Wilson
44%
Pamela Burkhart Brooke Shields
39%
Bob Pinciotti Don Stark
39%
Laurie Forman Lisa Robin Kelly
36%
Randy Pearson Josh Meyers
25%
Midge Pinciotti Tanya Roberts
23%
No matching quizzes found
Score Distribution
Percent of People with Each Score
Percentile by Number Answered
Your Score History
You have not taken this quiz